| 000 | 00424nam a22001577a 4500 | ||
|---|---|---|---|
| 003 | LK-CoDNM | ||
| 005 | 20240910105952.0 | ||
| 008 | 240910b |||||||| |||| 00| 0 eng d | ||
| 040 |
_aLK-CoDNM _dLK-CoDNM _eLK-CoDNM |
||
| 080 |
_a6 _bD26.1 |
||
| 100 | _aMitton, G.E. | ||
| 245 | _aThe lost cities of Ceylon | ||
| 260 |
_aLondon _bJohn Murray, Albemarle street, W. _c1916 |
||
| 300 | _bxv, 256p. : ill ; 22 cm | ||
| 942 | _cBK | ||
| 999 |
_c151871 _d151871 |
||